000 00583nam a22002297a 4500
003 OSt
005 20260522151624.0
008 220716b ||||| |||| 00| 0 eng d
040 _cAL
041 _aEnglish
082 _223
_a234
_bMARB
100 _aJeyaraj Marc
_9264408
245 _aBaptism
260 _aBihar
_bBible Technical Institute
_c1992
300 _a80 p.
_bPB
_c21.5x14 cm.
650 _aChristianity
_950401
650 _aReligion
_950402
650 _a Salvation
_950403
650 _aPriesthood
_950404
700 _aMARC (Jeyaraj)
_950405
942 _2ddc
_cGF
999 _c223881
_d223881